|
|
|
|
| LEADER |
00000nab a2200000ua 4500 |
| 001 |
vtls010759280 |
| 003 |
SK-MaSNL |
| 005 |
20260304203221.0 |
| 008 |
250718s1996 xo |||||||||||||||||slo| |
| 035 |
|
|
|a (urnnbn)urn:nbn:sk:snk:ar-a03063
|
| 035 |
|
|
|a (uuid)fde04fdd-9f08-48f6-8ef0-7987b95632e2
|
| 035 |
|
|
|a urn:nbn:sk:snk-ab4pqx
|
| 040 |
|
|
|a SNKBUCL
|b slo
|c SNKBUCL
|e AACR2
|
| 041 |
0 |
|
|a slo
|
| 044 |
|
|
|a xo
|c SK
|
| 080 |
|
|
|a 911.2(23.0)
|2 2001
|
| 080 |
|
|
|a (234.372.4)
|2 2011
|
| 080 |
|
|
|a 796.5
|2 2011
|
| 100 |
1 |
|
|a Chromík, Miloš
|4 aut
|9 12913
|
| 245 |
1 |
0 |
|a ĽUDIA a HORY
|c Miloš Chromík
|
| 650 |
0 |
7 |
|a ľudia
|2 SNKPH
|9 22139
|
| 650 |
0 |
7 |
|a hory
|2 SNKPH
|9 55651
|
| 650 |
0 |
7 |
|a turistika
|2 SNKPH
|9 683
|
| 651 |
|
7 |
|a Nízke Tatry (Slovensko : pohorie)
|2 SNKPH
|9 173011
|
| 773 |
0 |
|
|t Krásy Slovenska : príroda, ľudia, turistika, pamiatky, tradície, jaskyne
|g Roč. 73, č. 1-2 (1996), s. 9
|
| 850 |
|
|
|a Slovenská národná knižnica
|
| 852 |
|
|
|a Slovenská národná knižnica
|
| 954 |
|
|
|a odborná, vedecká literatúra pôvodná (slovenská)
|2 lita
|
| 958 |
|
|
|a article3
|
| 958 |
|
|
|a OND
|
| 958 |
|
|
|a EUIPO
|
| 999 |
|
|
|c 3108413
|d 3110343
|